00597nam a2200169 i 450000100060000000300090000600500170001500700030003200800410003510000420007624500640011826000590018230000280024185200210026999900170029095201200030729981ES-MaACL20250920063035.0t|030123s1908 fr ||||1| fre d1 aBarrès, Maurice, d1862-192392594710aVingt-cing années de vie litteraire / cMaurice Barrés. aParís : b[s.n., c1908] (eEvreux : fCh. Herissey) aLCII, 442 p. ; c19 cm. aES-MaACLjA-4072 c29981d29981 00104070aATENEOMbATENEOMcSPP1d2008-01-17eSCl0oA-4072p1030953r2023-02-23 00:00:00w2023-02-23yMONOGRAFIA